Words In US Federal Holidays Quiz Stats

 Plays Quiz Updated Mar 2, 2018

Score 0/17 Timer 03:00
2 Plays Today
% Correct
Christmas
95.2%
Day
93.6%
Columbus
92.2%
King
91.9%
Independence
91.9%
Martin
90.9%
Luther
90.5%
Memorial
89.3%
Thanksgiving
87.7%
% Correct
Veterans
85.8%
Jr.
85.8%
Labor
84%
Year's
80.7%
New
78.7%
Washington's
72.7%
Birthday
61.4%
Of
20.8%

You're not logged in!

Compare scores with friends on all Sporcle quizzes.
OR
Log In

Sporcle TV

Today on Sporcle TV


Watch our educational content, quiz creation guides, and fun videos on Sporcle TV.

Show Comments

Extras

Top Quizzes Today


Score Distribution

Your Account Isn't Verified!

In order to create a playlist on Sporcle, you need to verify the email address you used during registration. Go to your Sporcle Settings to finish the process.

Report this User

Report this user for behavior that violates our Community Guidelines.

Details: